MARC details
| 000 -LEADER |
| fixed length control field |
02454cam a2200433 i 4500 |
| 001 - CONTROL NUMBER |
| control field |
17684738 |
| 003 - CONTROL NUMBER IDENTIFIER |
| control field |
KD2079 SEA 2013 |
| 005 - DATE AND TIME OF LATEST TRANSACTION |
| control field |
20210526095604.0 |
| 008 - FIXED-LENGTH DATA ELEMENTS--GENERAL INFORMATION |
| fixed length control field |
130404s2013 enk b 001 0 eng |
| 010 ## - LIBRARY OF CONGRESS CONTROL NUMBER |
| LC control number |
2013937055 |
| 020 ## - INTERNATIONAL STANDARD BOOK NUMBER |
| International Standard Book Number |
9780199676446 (pbk.) |
| 020 ## - INTERNATIONAL STANDARD BOOK NUMBER |
| International Standard Book Number |
0199676445 (pbk.) |
| 040 ## - CATALOGING SOURCE |
| Original cataloging agency |
DLC |
| Language of cataloging |
eng |
| Transcribing agency |
DLC |
| Description conventions |
rda |
| Modifying agency |
DLC |
| 042 ## - AUTHENTICATION CODE |
| Authentication code |
pcc |
| 043 ## - GEOGRAPHIC AREA CODE |
| Geographic area code |
e-uk--- |
| 050 00 - LIBRARY OF CONGRESS CALL NUMBER |
| Classification number |
KD2079 |
| Item number |
.S4 2013 |
| 100 1# - MAIN ENTRY--PERSONAL NAME |
| Personal name |
Sealy, L. S., |
| Relator term |
author. |
| 245 10 - TITLE STATEMENT |
| Title |
Sealy and Worthington's cases and materials in company law / |
| Statement of responsibility, etc. |
Len Sealy, SJ Berwin Professor Emeritus of Corporate Law, University of Cambridge, Barrister and Solicitor (New Zealand); Sarah Worthington QC(hc), FBA, Downing Professor of the Laws of England, University of Cambridge, Academic Member, 3/4 South Square, Gray's Inn. |
| 246 14 - VARYING FORM OF TITLE |
| Title proper/short title |
Sealy & Worthington's cases and materials in company law |
| 250 ## - EDITION STATEMENT |
| Edition statement |
Tenth edition. |
| 264 #1 - PRODUCTION, PUBLICATION, DISTRIBUTION, MANUFACTURE, AND COPYRIGHT NOTICE |
| Place of production, publication, distribution, manufacture |
Oxford United Kingdom ; |
| Name of producer, publisher, distributor, manufacturer |
Oxford University Press, |
| Date of production, publication, distribution, manufacture, or copyright notice |
[2013] |
| 300 ## - PHYSICAL DESCRIPTION |
| Extent |
lviii, 844 pages ; |
| Dimensions |
25 cm |
| 336 ## - CONTENT TYPE |
| Content type term |
text |
| Source |
rdacontent |
| 337 ## - MEDIA TYPE |
| Media type term |
unmediated |
| Source |
rdamedia |
| 338 ## - CARRIER TYPE |
| Carrier type term |
volume |
| Source |
rdacarrier |
| 500 ## - GENERAL NOTE |
| General note |
Includes bibliographical references and index. |
| 504 ## - BIBLIOGRAPHY, ETC. NOTE |
| Bibliography, etc. note |
Includes bibliographical references and index. |
| 505 0# - FORMATTED CONTENTS NOTE |
| Formatted contents note |
The company and its incorporation -- Corporate personality and limited liability -- Corporate activity and legal liability -- Shareholders as an organ of the company -- Corporate goverance -- The board of directors as an organ of the company -- Directors' duties -- Company auditors and promoters -- The raising of capital -- Distributions and capital maintenance -- Shares -- Borrowing, debentures, and charges -- Remedies for maladministration of the company -- Public disclosure, market regulation, and public investigations of companies -- Reconstructions, mergers, and takeovers -- Rescue and insolvency procedures. |
| 600 ## - SUBJECT ADDED ENTRY--PERSONAL NAME |
| Source of heading or term |
company law |
| 650 #0 - SUBJECT ADDED ENTRY--TOPICAL TERM |
| Topical term or geographic name entry element |
Corporation law |
| Geographic subdivision |
Great Britain. |
| 655 #7 - INDEX TERM--GENRE/FORM |
| Genre/form data or focus term |
Casebooks (Law) |
| Source of term |
lcgft |
| 700 1# - ADDED ENTRY--PERSONAL NAME |
| Personal name |
Worthington, Sarah., |
| Relator term |
author. |
| 700 1# - ADDED ENTRY--PERSONAL NAME |
| Personal name |
Sealy, L. S. |
| Title of a work |
Cases and materials in company law. |
| 775 08 - OTHER EDITION ENTRY |
| Relationship information |
Revision of: |
| Main entry heading |
Sealy, L. S. |
| Title |
Sealy's cases and materials in company law |
| Edition |
9th ed. |
| Place, publisher, and date of publication |
Oxford ; New York : Oxford University Press, c2010 |
| 906 ## - LOCAL DATA ELEMENT F, LDF (RLIN) |
| a |
7 |
| b |
cbc |
| c |
origcop |
| d |
2 |
| e |
epcn |
| f |
20 |
| g |
y-gencatlg |
| 942 ## - ADDED ENTRY ELEMENTS (KOHA) |
| Source of classification or shelving scheme |
Library of Congress Classification |
| Koha item type |
Books |
| Edition |
10th ed |
| Classification part |
2079 |
| Item part |
SEA |
| Call number prefix |
KD |